000 00349 a2200157 4500
001 45554
020 _a978857406474I
040 _cAnchieta - Aquarius
100 _aSellir, Marie
240 1 0 _aO rato me contou...:
_lpor
245 1 0 _aO rato me contou...:
300 _a
362 0 _a2011
650 4 _aLiteratura infanto-juvenil
942 _cBK
999 _c45554
_d45554